Регионална библиотека "Любен Каравелов" - Русе

Роб се връща (Запис номер 45254)

MARC детайли
000 -Лидер
Контролно поле с фиксирана дължина 02226nam a2200445 c 4500
003 - Код на организацията, давaща контролен номер
Контролно поле BLK
005 - Дата и час на последна редакция
Контролно поле 20231216115510.0
008 - Елементи от данни с фиксирана дължина
fixed length control field 180408b bul|||||r ||||||| ||bul||
010 ## - Наследен системен номер
LC control number KNG00049041000
020 ## - Международен стандартен номер на книга ISBN
Международен стандартен номер на книга ISBN 954-8217-28-7
-- издат.: SPS принт
040 ## - Източник на каталожния запис
Идентификатор на билиотеката - собственик на записа BLK
041 ## - Код за език
Код за езика на текст/звукозапис или на отделно заглавие Български
Код за езика КДБФ Български
080 ## - УДК
Текстов определител УДК Политически партии и движения
УДК код - определител по УДК 329
УДК определител (497.2)БСДП(092)(093.3)
УДК - код + определител 329(497.2)БСДП(092)(093.3)
080 ## - УДК
Текстов определител УДК Заведения за изпълнение на наказанието. Заведения за трудова терапия - Затвори, принудителна работа, наказателни колонии, концентрационни лагери, възпитателни заведения и др.
УДК код - определител по УДК 343.81
УДК определител (497.21-21)(091)(093.3)
УДК - код + определител 343.81(497.21-21)(091)(093.3)
080 ## - УДК
Текстов определител УДК Български политик, доктор по международно право
УДК код - определител по УДК 929 Москов, Атанас Симеонов
УДК определител
УДК - код + определител 929 Москов, Атанас Симеонов
100 1# - Редна дума - Автор
Автор Москов, Атанас Симеонов
Авторска отговорност първи автор
R(LIN) 364022
139 ## - Редно поле
Редна дума Москов, Атанас Симеонов
Авторски знак Моск - М 92
245 10 - Сведения за заглавието
Заглавие Роб се връща
Редно поле (дума) Атанас Симеонов Москов.
257 ## - Страна на издаване
Страна на създаване/издаване България
260 ## - Област на издателските данни
-- София
Име на издателя, разпространителя и проч. SPS принт
Година на издаване 2005
Печатница София : Програмни продукти и системи
300 ## - Физическа характеристика
Страници 176 с.
Размери/Мащаб 25 см
380 ## - Жанр
Жанр Обществени науки
500 ## - Общи забележки
Забележка Изд. на Фонд. 21-ви век. - Офс. изд.
600 14 - Име на лице, използвано като предмет
За него / За нея Москов, Атанас Симеонов
9 (RLIN) 364022
650 #4 - Допълнително описание по предмет – тема
Основно описание – тема или топоним БСДП - дейци - спомени
9 (RLIN) 244983
650 #4 - Допълнително описание по предмет – тема
Основно описание – тема или топоним Москов, Атанас Симеонов
9 (RLIN) 364022
650 #4 - Допълнително описание по предмет – тема
Основно описание – тема или топоним Концентрационни лагери - България
9 (RLIN) 259554
651 #4 - Допълнително описание по предмет - топоним
Географско понятие България
9 (RLIN) 241624
653 ## - Ключова дума – ненормативна
Ключова дума спомени
653 ## - Ключова дума – ненормативна
Ключова дума мемоари
653 ## - Ключова дума – ненормативна
Ключова дума Атанас Москов
653 ## - Ключова дума – ненормативна
Ключова дума БСДП
653 ## - Ключова дума – ненормативна
Ключова дума България
852 ## - Местоположение
Форматна сигнатура Цб 223027
856 4# - Електронен адрес и достъп
Електронен формат pdf - файл
Път до файла /url/
856 4# - Електронен адрес и достъп
Електронен формат pdf - файл
Път до файла /url/
942 ## - АРТИКУЛИ
Вид на библиотечния материал Книги
Скрит в OPAC Не
Koha issues (borrowed), all copies 1
944 ## - СЪЗДАВАНЕ И РЕДАКЦИЯ на ЗАПИСА
Създаване/Редакция Създаване
Дата на регистрацията/редакция 25.03.2005
Служител, извършил регистрацията/редакцията 30576
Статус, дата на статуса Цветомила Тодорова
944 ## - СЪЗДАВАНЕ И РЕДАКЦИЯ на ЗАПИСА
Създаване/Редакция Редакция
Дата на регистрацията/редакция 24.10.2006
Служител, извършил регистрацията/редакцията
999 ## - СИСТЕМНИ КОНТРОЛНИ НОМЕРА
Koha biblionumber 45254
Koha biblioitemnumber 45254
Наличности
Код за отписване Код за изгубен артикул Код за повреда Коз за рестрикции Код за отдаване Артикулен № Име на библиотеката - собственик Име на библиотеката, в която се намира в момента Статус (Текущо местоположение) Дата на вписване в системата Местоположение - отдел Цена в лева Инвентарен номер Систематично азбучна сигнатура Баркод Номер на екземпляра Цена в евро Служебна бележка Служебен тип на артикула
  Не е изгубен Не е повреден без рестрикции заемане за дома 71266 Регионална библиотека "Любен Каравелов" Русе Регионална библиотека "Любен Каравелов" Русе Заемна - подръчен фонд 2005-03-25 Заемна - подръчен фонд 9.00 120000692622 П 329(497.2)/М 92 120000692622 1 4.60 Дост: DA Вид: А N: 6 Дата: 25.03.2005 Дата инв: 02.02.2018 Бележки инв: П2018 Книги
  Не е изгубен Не е повреден без рестрикции ползва се в читалня 71267 Регионална библиотека "Любен Каравелов" Русе Регионална библиотека "Любен Каравелов" Русе Хранилище 2006-03-06 Основен фонд - ползва се само за читалня 9.00 120000700538 Цб 223027 120000700538 2 4.60 Дост: DA Вид: А N: 7 Дата: 06.03.2006 Книги
Vip Innovations Ltd, Rousse, Bulgaria 2025